000 00549nam a2200229Ia 4500
003 OSt
005 20220924142352.0
006 a|||||r|||| 00| 0
007 ta
008 220923b |||||||| |||| 00| 0 ben d
024 _a301702
037 _cTextual
040 _aARTS
_cARTS
_bben
041 _2ben
_aben
082 _aY173P157, 157E6.1
100 _aBasu
_9154812
245 0 _aBharat gaurav
260 _c1916
650 _aSOCIOLOGY
942 _hY173P157, 157E6.1
_cTEXL
_2CC
999 _c450514
_d450514